Responses for Show #6952 - Tuesday, December 2, 2014

2014 Kids Week game 2.

Contestants

[<< previous game]

Ryan Elkins, a 12-year-old from Bensalem, Pennsylvania

Krissy Brzycki, an 11-year-old from Indianapolis, Indiana

Adam Barrow, an 11-year-old from Greensboro, North Carolina

[next game >>]

Jeopardy! Round responses

AT THE SMITHSONIAN
(Alex: Maybe you have visited there.)
DICED VEGETABLES
THE LION, THE WITCH OR THE WARDROBE
(Alex: It'll be one of those three as a correct response.)
SPELL IT OUT FOR ME
(Alex: Yes, you have to spell the correct response.)
SPORTS STARS
BRING IT
    $200 19
Wilbur & Orville Wright

Ryan
    $200 8
(Adam: What is thyme?)

celery

AdamKrissy
    $200 10
the wardrobe

Krissy
    $200 7
(Ryan: What is P-L-A-S-T-A-T-I-O-N?)
(Krissy: What is P-L-A-Y-space-S-T-A-T-I-O-N?)
...
(Alex: Krissy, you got all the letters right, but you added a space in there--)
(Krissy: Oh.)
(Alex: --and there is no space in [*].)

P-L-A-Y-S-T-A-T-I-O-N

KrissyRyan
Triple Stumper
    $200 1
(Krissy: What are the L.A. Lakers?)

the Miami Heat

AdamKrissy
    $200 3
a pencil

Ryan
    $400 9
a panda

Krissy
    $400 16
(Krissy: What's a... cucumber?)
...
(Alex: Yes, looks like a cucumber.)

zucchini

KrissyRyan
    $400 12
a witch

Ryan
    $400 15
(Krissy: Capital [*].)
(Alex: No.)
(Krissy: [Whispers] Oh. Oh.)
[Ryan rings in]
(Ryan: What is B-I--)
[Ryan is interrupted by Alex]
(Alex: Oh, wait a minute, no. Uh, they're telling me that she did spell it correctly. But I wanna remind you, Krissy, to form it--)
(Krissy: Uh, yeah.)
(Alex: --phrase it in the form of a question in the future. Okay, you pick again.)
(Krissy: Me?)
(Alex: Yes.)

B-I-D-E-N

Krissy
    $400 2
(auto) racing

Ryan
    $400 4
(Adam: What is a pumpkin?)

a watermelon

Adam
Triple Stumper
    $600 20
(Alex: You are right with less than a minute to go in the round.)

Theodore Roosevelt

Krissy
    $600 13
the Lion

Adam
    $600 17
(Krissy: Who is Godzilla? Or, what is Godzilla?)
(Alex: You have to spell it.)
(Krissy: Oh! Capital [*].)
(Alex: Right.)
[Laughter]
(Krissy: And I was in Spell Bowl last year! Come on.)
(Alex: I'm sorry we're such a disappointment to you.)

G-O-D-Z-I-L-L-A

Krissy
    $600 6
Venus & Serena Williams

Krissy
    $600 5
a glove

Adam
    $800 21
(Alex: [*]--the Detroit [*], yes.)

the Lion

Ryan
    $800 22
(Krissy: What is D-E-C-A-T-H-A-L-O-N?)

D-E-C-A-T-H-L-O-N

KrissyRyan
    $800 14
Eli Manning

Ryan
    $800 11
protein

Ryan
    $1000 23
[The end-of-round signal sounds.]

A-P-A-T-O-S-A-U-R-U-S

Triple Stumper
    $1000 18
a piccolo

Krissy

Scores at the first commercial break (after clue 13):

Adam Krissy Ryan
$800 $1,000 $1,600

Scores at the end of the Jeopardy! Round:

Adam Krissy Ryan
$800 $2,400 $4,600

Double Jeopardy! Round responses

DOUBLE THE BONES
WORLD LITERATURE
SEE TV
GEOGRAPHY
U.S. GOVERNMENT
ALL "EARS"
(Alex: Those four letters of the alphabet in that order coming up in each correct response.)
    $400 26
brain

Ryan
    $400 2
Charles Dickens

Ryan
    $400 1
Animal Planet

Krissy
    $400 8
Portugal

Adam
    $400 4
(Adam: What is breakfast?)

lunch

AdamKrissy
    $400 5
New Year's resolutions

Krissy
    $800 27
knees

Ryan
    $800 3
the Notre-Dame

Krissy
    $800 7
Austin & Ally

Adam
    $800 9
Tallahassee

Ryan
    $800 14
the FBI

Adam
    $800 16
(Adam: What are teardrops?)
(Alex: Yes--no, sorry.)
(Krissy: What are duct tears? Tear ducts--what are tear ducts?)
...
(Alex: "What are [*]?" only, not the drops.)

tears

AdamKrissyRyan
    $1200 28
shoulder blades

Adam
    $1200 6
Russia

Adam
    $1200 11
Survivor

Triple Stumper
    $1200 12
Tasmania

Ryan
    $1200 15
2/3

Krissy
    $1200 17
fears

Adam
    $1600 29
the shins

Ryan
    $1600 10
Zorro

Adam
    $1600 21
Adventure Time

Ryan
    $2,000 20
(Krissy: Oh, shoot.)
(Alex: Hurry.)
(Krissy: I don't know.)

Tibet

Krissy
    $1600 19
(Ryan: What is the attorney general?)
(Adam: What is the representatives?)

lieutenant governor

AdamRyan
Triple Stumper
    $1600 18
Sears

Krissy
    $400 30
ribs

Ryan
    $2000 13
Sinbad

Ryan
    $2000 22
(Bill) Gates

Krissy
    $2000 23
Adriatic Sea

Ryan
    $2000 24
(Alex: Yes, with a minute to go.)

Philadelphia

Ryan
    $2000 25
gears

Krissy

Scores at the end of the Double Jeopardy! Round:

Adam Krissy Ryan
$5,200 $8,400 $17,000
(lock game)

[wagering suggestions for these scores]

Final Jeopardy! Round responses

KINGS & QUEENS
(Alex: [To Adam] Oh, almost. Darn. Who is the Queen of E--)
(Adam: England.)
...
(Alex: [To Krissy] And that, of course, is correct. Queen of England.)
AdamWho is the Queen of E.
$5,197
KrissyWho is Queen Elizabeth?
$2,000
RyanWho is Queen Elizabeth II
$100
Elizabeth II

Final scores:

Adam Krissy Ryan
$3 $10,400 $17,100
3rd place: $1,000 2nd place: $2,000 Winner: $17,100

Game dynamics:

Coryat scores:

Adam Krissy Ryan
$5,200 $10,400 $18,600
10 R,
5 W
16 R,
6 W
(including 1 DD)
21 R
(including 1 DD),
2 W

Combined Coryat: $34,200

[game clues] [game scores] [suggest correction]

Game tape date: 2014-10-07
The J! Archive is created by fans, for fans. Scraping, republication, monetization, and malicious use prohibited; this site may use cookies and collect identifying information. See terms. The Jeopardy! game show and all elements thereof, including but not limited to copyright and trademark thereto, are the property of Jeopardy Productions, Inc. and are protected under law. This website is not affiliated with, sponsored by, or operated by Jeopardy Productions, Inc. Join the discussion at JBoard.tv.